| 000 | 01327cam a22003257i 4500 | ||
|---|---|---|---|
| 999 |
_c64131 _d64131 |
||
| 005 | 20240530110716.0 | ||
| 008 | 170214t20162016ua ab b 001 0 eng d | ||
| 017 | _bمصر. دار الكتب | ||
| 020 | _a9774167635 | ||
| 020 | _a9789774167638 | ||
| 040 |
_aYDXCP _beng _cYDXCP _erda _dOCLCQ _dBDX _dBTCTA _dCDX _dOCLCF _dMEAUC _dLEILA _dDLC |
||
| 043 | _af-ua--- | ||
| 082 | 0 | 4 |
_221 _a354.367 _bCC\D S |
| 100 | 0 |
_aDalia M. Gouda _eauthor. |
|
| 245 | 1 | 0 |
_aSocial capital and local water management in Egypt / _cDalia M. Gouda. |
| 300 |
_axii, 268 pages : _billustrations, maps ; _c24 cm |
||
| 504 | _aIncludes bibliographical references (pages 227-257) and index. | ||
| 650 | 0 |
_aWater resources development _zEgypt _xHistory. _2qrmak |
|
| 650 | 0 |
_aWater resources development _xSocial aspects _zEgypt. _2qrmak |
|
| 650 | 0 |
_aSocial capital (Sociology) _zEgypt _xHistory. _2qrmak |
|
| 650 | 7 |
_aSocial capital (Sociology) _2fast |
|
| 650 | 7 |
_aWater resources development. _2fast |
|
| 650 | 7 |
_aWater resources development _xSocial aspects. _2fast |
|
| 651 | 7 |
_aEgypt. _2fast |
|
| 942 |
_2ddc _cBK |
||
| 520 | _aWater resources development; Egypt; social aspects; history. | ||
| 655 | 7 |
_aHistory. _2fast |
|
| 906 |
_a7 _bcbc _ccopycat _d2 _encip _f20 _gy-gencatlg |
||